| 000 | 00432nam a2200181Ia 4500 | ||
|---|---|---|---|
| 001 | 13494 | ||
| 005 | 20260306164805.0 | ||
| 008 | 260306t2015||||xx |||||||||||||| ||spa|| | ||
| 041 | _aESP | ||
| 082 |
_a004.368 _bG317 |
||
| 100 |
_aGarg, Vijay K. _eAUT |
||
| 245 | 0 | _aElements of distributed computing | |
| 260 | _c2015 | ||
| 300 |
_axx, 423 páginas : _c23 cm. |
||
| 650 | _aGEN | ||
| 654 | _aCCC | ||
| 942 |
_cLIB _dJUS _fJUS _2ddc _n |
||
| 999 |
_c13494 _d13494 |
||